000 00542cam a2200193ua 4500
020 _c4.00
041 _aeng
_h
082 _a613.94
_bPRO/HE
100 _aPradipto, Roy .
245 _aHealth innovation and family planning: A study in eight indian villages /
_cPradipto Roy.
_hTextual Documents
250 _a1 /
_b.
260 _aHyderabad :
_bNational Institute of Community Development ,
_c1968.
300 _a53 ; .
365 _a4.00
504 _a
700 1 _aKivlin, Joseph .
942 _cBK
999 _c10641
_d10641